000 00532cam a2200181 a 4500
001 000004848
005 20200929151522.0
008 011218s2000 ve 000 p spa
040 _aDO-SdBNP
_cDLC
_dDLC
082 _aV861.44
_bC171n
100 1 _aCalzadilla, Juan.
_d1931-
_914066
245 1 0 _aNotario al garete /
_cJuan Calzadilla.
260 _aVenezuela :
_bPoesía,
_c2000.
300 _a62 p. ;
_c21 cm.
650 4 _aPoesía venezolana
_94230
650 4 _aLiteratura venezolana
_93816
910 _aCatalogación por copia / LC
999 _c4654
_d4654